| 000 | 01222cam a22003255i 4500 | ||
|---|---|---|---|
| 999 |
_c28085 _d28056 |
||
| 001 | 20206609 | ||
| 003 | EG-ScBUE | ||
| 005 | 20200213155249.0 | ||
| 008 | 171214s2018 nyu f b 001 0 eng d | ||
| 020 | _a9781138123090 (softcover) | ||
| 040 |
_aDLC _beng _erda _cDLC _dEG-ScBUE |
||
| 082 | 0 | 4 |
_a420.188 _bFRI _222 |
| 100 | 1 |
_aFriginal, Eric, _eauthor. |
|
| 245 | 1 | 0 |
_aCorpus linguistics for English teachers : _bnew tools, online resources, and classroom activities / _cEric Friginal. |
| 250 | _aFirst edition. | ||
| 264 | 1 |
_aNew York, NY : _bRoutledge / Taylor & Francis Group, _c2018. |
|
| 300 |
_axvi, 349 pages ; _c24 cm |
||
| 336 |
_atext _btxt _2rdacontent |
||
| 337 |
_aunmediated _bn _2rdamedia |
||
| 338 |
_avolume _bnc _2rdacarrier |
||
| 504 | _aIncludes bibliographical references and index. | ||
| 650 | 7 |
_aEnglish teachers _xTraining of _xResearch. _2BUEsh |
|
| 650 | 7 |
_aCorpora (Linguistics) _xBUEsh _940992 |
|
| 650 | 7 |
_aEnglish teachers _xTraining of _xResearch _xMethodology. _2BUEsh |
|
| 650 | 7 |
_aApplied linguistics _xStudy and teaching _xResearch. _2BUEsh |
|
| 653 |
_bHHUUEENN _cFebruary2020 |
||
| 942 |
_2ddc _cBB |
||